| 000 | 00602nam a2200193 a 4500 | ||
|---|---|---|---|
| 005 | 20221115063724.0 | ||
| 008 | 991125s1957 bue 000 0 spa u | ||
| 035 | _aUPN01000043900 | ||
| 049 | _aCG | ||
| 050 | 4 |
_aLB1027 _bF7.6 1957 |
|
| 100 | 1 |
_aFreeman, Frank Nuget, _d1880- |
|
| 245 | 1 | 3 |
_aLa pedagogía científica / _cFrank N. Freeman ; tr. Lorenzo Luzuriaga. |
| 250 | _a4a ed. | ||
| 260 |
_aBuenos Aires : _bLosada, _c1957. |
||
| 300 | _a248 p. | ||
| 440 | 0 |
_aPublicaciones de la revista de pedagogía. _pBiblioteca pedagógica ; _v10 |
|
| 650 | 2 |
_aMétodos de enseñanza _95706 |
|
| 905 | _aLibro | ||
| 999 |
_c43900 _d43900 |
||